000 01120nam a2200193 a 4500
001 000029981
005 20250204073952.0
008 110428s1989 dr r 000 0 spa d
040 _aDO-SdBNP
_bspa
_cBNPHU
082 _axxxx
_bP311o
100 1 _aPatín Maceo, Manuel A.,
_q (Manuel Antonio)
_d1892-1968
_936996
245 1 0 _aObras lexicográficas /
_cManuel A Patín Maceo ; prólogo Mariano Lebrón Saviñón ; edición José Chez Checo.
260 _aSanto Domingo :
_bSociedad Dominicana de Bibliófilos,
_c1989.
_fCorripio
300 _a355 p. ;
_c24 cm.
500 _aIncluye referencias bibliográficas y notas al pie de las páginas
505 0 _aSemblanza de Patín Maceo /
_rpor Enrique Patín Veloz --
_tInforme que rinde a la Academia Dominicana de la Lengua la comisión designada para la el estudio de la Obra "Dominicanismos" /
_rLic. Manuel A. Patín Maceo --
_tLa academia Dominicana de la Lengua Correspondiente de La Española
_tDominicanismos /
_tAmericanismos en el lenguaje dominicano /
700 1 _aLebrón Saviñon, Mariano
_d1922-2014
_epról.
_97227
700 1 _aChez Checo, José,
_d1949-
_eed.
_910145
999 _c29473
_d29473